Holiday Quiz

Random Holiday or Christmas Quiz
Score 0/20 Timer 06:00
2 Plays Today
% Correct
They are always dropping their needles.
92.2%
The Elf-abet!
91.7%
He got 25 days.
91.2%
Snowflakes
90.8%
They had low elf-esteem.
90.7%
A list of everything you want.
90.4%
He had no body to go with.
90%
You can sense his presents.
89.9%
Because it had the drumsticks.
89.8%
A sad candy cane.
88.9%
% Correct
It's Christmas, Eve.
88.8%
Christmas corals.
87.6%
I can smell carrots.
85.8%
So he can ho ho ho.
85.8%
All the birds have gone south for the winter.
85.1%
Chess nuts boasting in an open foyer.
85%
Santa walking backwards.
85%
Because it soots him.
84.7%
I'm going out tonight.
82.1%
It's so much warmer there.
59.5%
Remove Ads.
Support Sporcle.
Get the best of Sporcle when you Go Orange. This ad-free experience offers more features, more stats, and more fun while also helping to support Sporcle. Thank you for becoming a member.

You're not logged in!

Compare scores with friends on all Sporcle quizzes.
OR
Log In

Show Comments

Extras

Top Quizzes Today


Score Distribution

Your Account Isn't Verified!

In order to create a playlist on Sporcle, you need to verify the email address you used during registration. Go to your Sporcle Settings to finish the process.

Report this User

Report this user for behavior that violates our Community Guidelines.

Details: